| 000 | 01343cam a22003494a 4500 | ||
|---|---|---|---|
| 999 |
_c827 _d827 |
||
| 001 | 12695624 | ||
| 003 | OSt | ||
| 005 | 20210621090739.0 | ||
| 008 | 020308s2003 maua b 000 0 eng | ||
| 010 | _a 2002025549 | ||
| 020 | _a0072338628 | ||
| 040 |
_aDLC _cDLC _dDLC |
||
| 042 | _apcc | ||
| 050 | 0 | 0 |
_aHG4015.5 _b.B78 2003 |
| 082 | 0 | 0 |
_a658.15 _221 |
| 100 | 1 |
_aBruner, Robert F., _d1949- |
|
| 245 | 1 | 0 |
_aCase studies in finance : _bmanaging for corporate value creation / _cRobert F. Bruner. |
| 250 | _a4th ed. | ||
| 260 |
_aBoston, Mass. : _bMcGraw-Hill/Irwin, _cc2003. |
||
| 300 |
_axxx, 698 p. : _bill. ; _c24 cm. |
||
| 440 | 4 | _aThe McGraw-Hill/Irwin series in finance, insurance, and real estate | |
| 504 | _aIncludes bibliographical references. | ||
| 650 | 0 |
_aCorporations _xFinance _vCase studies. |
|
| 650 | 0 |
_aInternational business enterprises _xFinance _vCase studies. |
|
| 650 | 0 |
_aDecision making _vCase studies. |
|
| 650 | 0 | _aWomen executives. | |
| 856 | 4 | 2 |
_3Publisher description _uhttp://www.loc.gov/catdir/description/mh022/2002025549.html |
| 856 | 4 | 1 |
_3Table of contents _uhttp://www.loc.gov/catdir/toc/mh021/2002025549.html |
| 906 |
_a7 _bcbc _corignew _d1 _eocip _f20 _gy-gencatlg |
||
| 942 |
_2lcc _cBK _nSO |
||